[Event "DM Veteranklassen 2026"]
[Site "Svendborg"]
[Date "2026.04.02"]
[Round "1.1"]
[White "Madsen, Arne Bech"]
[Black "Jensen, Stig Gorm"]
[Result "0-1"]
[WhiteElo "1833"]
[BlackElo "2021"]
[WhiteFideId "1416766"]
[BlackFideId "1406736"]
[EventDate "2026.04.02"]
[EventType "swiss"]
[EventRounds "5"]
[EventCountry "DEN"]
[SourceTitle "Live v. Kasper Jerwiarz"]

1. c4 f5 2. d4 Nf6 3. Nc3 d6 4. Nf3 g6 5. e3 Bg7 6. Be2 O-O 7. O-O Qe8 8. b4 h6 9. Bb2 e6 10. Qb3 g5 11. Bd3 e5 12. Bc2 g4 13. dxe5 dxe5 14. Nh4 Qh5 15. g3 Be6 16. Nd5 Nxd5 17. cxd5 Bd7 18. a4 Kh8 19. Bc3 Qe8 20. Qc4 c6 21. f3 cxd5 22. Qxd5 gxf3 23. Nxf3 Bc6 24. Qb3 Nd7 25. Nh4 Nb6 26. Bxf5 Bd5 27. Qd1 Bf7 28. a5 Rd8 29. Qe2 Nd5 30. Bd2 e4 31. Rac1 Bh5 32. Bg4 Rxf1+ 33. Rxf1 Bxg4 34. Qxg4 Nf6 35. Qe2 Qd7 36. Bc3 Ng4 37. Bxg7+ Qxg7 38. Nf5 Qg5 39. Rf4 Ne5 40. Nxh6 Qxh6 41. Rh4 Nf3+ 42. Qxf3 Qxh4 43. Qf5 Qe7 44. h4 Rd2 45. h5 Qxb4 46. Qf6+ Kg8 47. Qg6+ Kf8 48. Qf6+ Ke8 49. Qg6+ Kd7 50. Qf5+ Kc6 51. Qc8+ Kb5 52. Qxb7+ Ka4 53. Qxb4+ Kxb4 54. g4 Kc5 55. h6 Rd7 56. g5 Rh7 57. Kg2 Kd5 58. Kg3 Ke5 59. Kg4 Rc7 60. a6 Rd7 61. g6 Kf6 62. g7 Kf7 63. Kf5 Rd5+ 64. Kxe4 Rh5 65. Kd4 Rxh6 66. e4 Kxg7 0-1

[Event "DM Veteranklassen 2026"]
[Site "Svendborg"]
[Date "2026.04.02"]
[Round "1.2"]
[White "Stage, Jan"]
[Black "Stald, Flemming"]
[Result "1/2-1/2"]
[WhiteElo "2037"]
[BlackElo "1826"]
[WhiteFideId "1405519"]
[BlackFideId "1426680"]
[EventDate "2026.04.02"]
[EventType "swiss"]
[EventRounds "5"]
[EventCountry "DEN"]
[SourceTitle "Live v. Kasper Jerwiarz"]

1. d4 d5 2. Nf3 Nf6 3. g3 Bf5 4. Bg2 e6 5. O-O Be7 6. b3 h6 7. Bb2 O-O 8. Nbd2 Nbd7 9. c4 c6 10. a3 b6 11. b4 a5 12. b5 cxb5 13. cxb5 Rc8 14. Rc1 Bd6 15. Qb3 Qe7 16. Rc6 Bc7 17. Rfc1 Nb8 18. R6c3 Qd7 19. a4 Rfe8 20. Ne5 Bxe5 21. dxe5 Nh7 22. e4 Rxc3 23. Qxc3 dxe4 24. Nxe4 Bxe4 25. Bxe4 Rd8 26. Ba3 Nf8 27. Bd6 f5 28. Bg2 Qf7 29. Qe3 Nbd7 30. Bc7 Rc8 31. Bb7 Rxc7 32. Rxc7 Qh5 33. Bf3 Qe8 34. Bc6 Qd8 35. Ra7 Nc5 36. Qe2 g6 37. Qe3 Qd1+ 38. Kg2 g5 39. h4 Nh7 40. Qf3 Qxf3+ 41. Kxf3 Nxa4 42. Rb7 Nf8 43. h5 Nh7 44. Ke3 g4 45. f4 gxf3 46. Bxf3 Ng5 47. Bc6 Kf8 48. Kd4 Nf7 49. Rb8+ Kg7 50. Be8 Ng5 51. Bc6 Kf7 52. Kc4 Kg7 53. Kb3 Nc5+ 54. Ka3 Nf7 55. Rxb6 Nxe5 56. Rb8 Kf6 57. Ra8 Kg5 58. Rg8+ Kf6 59. Rc8 Nc4+ 60. Ka2 Nb6 61. Rg8 Ke5 62. Rg6 Kd4 63. Rxh6 Kc3 64. Rg6 Nc4 65. h6 Nd3 66. h7 Kc2 67. h8=Q Nc1+ 68. Ka1 Nb3+ 69. Ka2 Nc1+ 70. Ka1 1/2-1/2

[Event "DM Veteranklassen 2026"]
[Site "Svendborg"]
[Date "2026.04.02"]
[Round "1.3"]
[White "Norregaard, Claus"]
[Black "Gronhoj, Benny"]
[Result "1-0"]
[WhiteElo "1846"]
[BlackElo "2002"]
[WhiteFideId "1409808"]
[BlackFideId "1404245"]
[EventDate "2026.04.02"]
[EventType "swiss"]
[EventRounds "5"]
[EventCountry "DEN"]
[SourceTitle "Live v. Kasper Jerwiarz"]

1. d4 Nf6 2. c4 e5 3. dxe5 Ng4 4. Bf4 Bb4+ 5. Nc3 f6 6. Nf3 fxe5 7. Nxe5 Qf6 8. Nxg4 Qxf4 9. e3 Qg5 10. h4 Qe7 11. Be2 Nc6 12. Qc2 d6 13. O-O-O Bd7 14. Nd5 Qd8 15. Qe4+ Kf7 16. Nxb4 Nxb4 17. c5 a5 18. Bc4+ d5 19. Bxd5+ Nxd5 20. Ne5+ Kf6 21. Nxd7+ Qxd7 22. Rxd5 Qc8 23. Rh3 g6 24. Qe5+ Kf7 25. Rf3+ Kg8 26. Qf6 1-0

[Event "DM Veteranklassen 2026"]
[Site "Svendborg"]
[Date "2026.04.02"]
[Round "1.4"]
[White "Jensen, Allan Astrup"]
[Black "Christensen, Poul Veiling"]
[Result "1/2-1/2"]
[WhiteElo "1943"]
[BlackElo "1799"]
[WhiteFideId "1401181"]
[BlackFideId "1480014"]
[EventDate "2026.04.02"]
[EventType "swiss"]
[EventRounds "5"]
[EventCountry "DEN"]
[SourceTitle "Live v. Kasper Jerwiarz"]

1. Nf3 d5 2. g3 Nf6 3. Bg2 c6 4. O-O Bf5 5. b3 e6 6. Bb2 Be7 7. d3 O-O 8. Nbd2 Nbd7 9. c4 h6 10. Re1 Rc8 11. e4 Bh7 12. Qe2 dxc4 13. Nxc4 b6 14. Rac1 c5 15. Red1 b5 16. Ne3 Qb6 17. e5 Nd5 18. Nxd5 exd5 19. Bh3 Rcd8 20. e6 fxe6 21. Bxe6+ Kh8 22. Bxd5 Bf6 23. Ne1 Bxb2 24. Qxb2 Nf6 25. Bf3 Rd4 26. Qc3 Nd7 27. Bg2 Qf6 28. Nf3 b4 29. Qe1 Rxd3 30. Rxd3 Bxd3 31. Rd1 Bb5 32. Qe3 Bc6 33. Ne1 Bxg2 34. Kxg2 Qc6+ 35. Kg1 Nf6 36. Qe7 Qc8 37. Qxa7 Qh3 38. Qe7 Re8 39. Rd8 Rxd8 40. Qxd8+ Kh7 41. Qd3+ Kh8 42. f3 Qe6 43. Ng2 Qe5 44. Qd8+ Kh7 45. Qd2 Nd5 46. Kf2 g6 47. Ne3 Nc3 48. Nc4 Qf5 49. Nd6 Qf6 50. Kg2 Qd8 51. Qf4 Qe7 52. Ne4 Nxa2 53. Qd2 Nc3 54. Nxc3 bxc3 55. Qxc3 Qe2+ 56. Kg1 Qd1+ 57. Kf2 1/2-1/2

[Event "DM Veteranklassen 2026"]
[Site "Svendborg"]
[Date "2026.04.02"]
[Round "1.5"]
[White "Leimand, Hans Erik"]
[Black "Rosenberg, Jan"]
[Result "0-1"]
[WhiteElo "1786"]
[BlackElo "1873"]
[WhiteFideId "1418955"]
[BlackFideId "1412531"]
[EventDate "2026.04.02"]
[EventType "swiss"]
[EventRounds "5"]
[EventCountry "DEN"]
[SourceTitle "Live v. Kasper Jerwiarz"]

1. d4 Nf6 2. Bf4 c5 3. Nf3 cxd4 4. Nxd4 e5 5. Be3 exd4 6. Bxd4 Nc6 7. e3 Nxd4 8. exd4 d5 9. Be2 Bd6 10. O-O O-O 11. c4 dxc4 12. Bf3 Qc7 13. g3 Bf5 14. Nc3 a6 15. a3 Rfe8 16. Qd2 Ne4 17. Nxe4 Bxe4 18. Bxe4 Rxe4 19. Rfe1 Rae8 20. Rxe4 Rxe4 21. Re1 Rxe1+ 22. Qxe1 Qe7 23. Qc3 Qc7 24. Qe3 g6 25. d5 Kg7 26. h4 b5 27. h5 h6 28. hxg6 fxg6 29. Qe6 Qe7 30. Qc8 Bc5 31. Kf1 h5 32. Qc6 Qf8 33. Qc7+ Kh6 34. f4 Bd6 35. Qc6 h4 36. Qd7 hxg3 37. Qh3+ Kg7 38. Qd7+ Qe7 39. Qg4 Qf7 40. Kg2 Qxd5+ 41. Kxg3 Qd3+ 42. Kg2 Qe4+ 43. Kg3 Qxf4+ 44. Qxf4 Bxf4+ 45. Kxf4 Kf6 46. a4 b4 47. Ke4 g5 48. Kd4 g4 49. Kxc4 g3 50. Kxb4 g2 51. Ka5 g1=Q 52. Kxa6 Qb1 53. a5 Qxb2 54. Ka7 Qd4+ 55. Kb7 Qb4+ 56. Ka6 Ke6 0-1

[Event "DM Veteranklassen 2026"]
[Site "Svendborg"]
[Date "2026.04.03"]
[Round "2.1"]
[White "Jensen, Stig Gorm"]
[Black "Moestrup, Jorn"]
[Result "1/2-1/2"]
[WhiteElo "2021"]
[BlackElo "1904"]
[WhiteFideId "1406736"]
[BlackFideId "1403680"]
[EventDate "2026.04.02"]
[EventType "swiss"]
[EventRounds "5"]
[EventCountry "DEN"]
[SourceTitle "Live v. Kasper Jerwiarz"]

1. e4 c5 2. Nf3 d6 3. d4 cxd4 4. Nxd4 Nf6 5. Nc3 a6 6. g3 e5 7. Nde2 Nbd7 8. Bg2 b5 9. O-O Bb7 10. h3 Be7 11. g4 O-O 12. Ng3 b4 13. Nd5 Nxd5 14. exd5 Re8 15. Bd2 a5 16. c3 Ba6 17. Re1 Nc5 18. Bc1 1/2-1/2

[Event "DM Veteranklassen 2026"]
[Site "Svendborg"]
[Date "2026.04.03"]
[Round "2.2"]
[White "Rosenberg, Jan"]
[Black "Larsen, Preben R"]
[Result "1/2-1/2"]
[WhiteElo "1873"]
[BlackElo "1884"]
[WhiteFideId "1412531"]
[BlackFideId "1425790"]
[EventDate "2026.04.02"]
[EventType "swiss"]
[EventRounds "5"]
[EventCountry "DEN"]
[SourceTitle "Live v. Kasper Jerwiarz"]

1. d4 d5 2. Nf3 c6 3. c3 Nf6 4. Bf4 e6 5. Nbd2 Be7 6. e3 Nbd7 7. Bd3 c5 8. h3 O-O 9. O-O Nh5 10. Bh2 g6 11. g4 Ng7 12. Bf4 cxd4 13. cxd4 Nb6 14. a4 Bd7 15. a5 Nc8 16. a6 bxa6 17. Rxa6 Nb6 18. Qa1 Nc8 19. Rc1 Qe8 20. Qa5 Bd8 21. Bc7 Bxc7 22. Rxc7 Qd8 23. Ne5 Be8 24. Nc6 Bxc6 25. Rcxc6 Qxa5 26. Rxa5 Rb8 27. b3 Rd8 28. Kg2 Ne8 29. Kf3 Rd6 30. Rc3 Rdb6 31. Rac5 Ned6 32. Rc6 Rxc6 33. Rxc6 Rb6 34. Rxb6 Nxb6 35. Kf4 f6 36. h4 Kg7 37. Nf3 a5 38. Nd2 1/2-1/2

[Event "DM Veteranklassen 2026"]
[Site "Svendborg"]
[Date "2026.04.03"]
[Round "2.3"]
[White "Syndergaard, Stig"]
[Black "Jarlnaes, Erik"]
[Result "0-1"]
[WhiteElo "1901"]
[BlackElo "1941"]
[WhiteFideId "1432435"]
[BlackFideId "1414623"]
[EventDate "2026.04.02"]
[EventType "swiss"]
[EventRounds "5"]
[EventCountry "DEN"]
[SourceTitle "Live v. Kasper Jerwiarz"]

1. Nf3 d5 2. d4 Bf5 3. c4 dxc4 4. Nc3 Nf6 5. e3 c6 6. Bxc4 e6 7. O-O Bd6 8. Bd3 Bg4 9. h3 Bh5 10. e4 Be7 11. Be2 Bg6 12. Bd3 O-O 13. Qb3 Qb6 14. Qxb6 axb6 15. Ne5 b5 16. f4 b4 17. Nxg6 hxg6 18. Ne2 Rd8 19. Be3 c5 20. g4 cxd4 21. Bd2 Bc5 22. Rfc1 b6 23. g5 Ne8 24. Kg2 Nd6 25. Kf3 Nd7 26. e5 Nf5 27. Ng3 f6 28. gxf6 gxf6 29. exf6 Nxf6 30. Nxf5 gxf5 31. Re1 Kf7 32. Rg1 Rg8 33. Rxg8 Rxg8 34. Re1 Nh5 35. Bc4 Rg3+ 36. Kf2 d3+ 37. Be3 Rxe3 38. Rxe3 Nxf4 39. Kf3 Bxe3 40. Kxe3 d2 41. Kxd2 Nxh3 42. Kc2 Nf4 43. Kb3 Nd5 44. Bxd5 exd5 45. Kxb4 f4 46. Kc3 f3 47. Kd2 d4 48. a4 Ke6 49. b4 Kd5 50. Kd3 Kd6 51. Kd2 Kc6 52. Kd3 Kd5 53. b5 Kc5 0-1

[Event "DM Veteranklassen 2026"]
[Site "Svendborg"]
[Date "2026.04.03"]
[Round "2.4"]
[White "Petersen, Lars Uffe"]
[Black "Norregaard, Claus"]
[Result "0-1"]
[WhiteElo "1920"]
[BlackElo "1846"]
[WhiteFideId "1406906"]
[BlackFideId "1409808"]
[EventDate "2026.04.02"]
[EventType "swiss"]
[EventRounds "5"]
[EventCountry "DEN"]
[SourceTitle "Live v. Kasper Jerwiarz"]

1. e4 e6 2. d4 d5 3. Nc3 Nf6 4. Bg5 Be7 5. e5 Nfd7 6. Bxe7 Qxe7 7. f4 a6 8. Nf3 c5 9. a3 Nc6 10. dxc5 Qxc5 11. Qd2 b5 12. b4 Qe7 13. Bd3 f6 14. exf6 Nxf6 15. O-O O-O 16. Rae1 Qc7 17. Re2 Bd7 18. Nd1 Rae8 19. Ne5 Nxe5 20. Rxe5 Ng4 21. Re2 e5 22. h3 e4 23. hxg4 Bxg4 24. Ree1 Bxd1 25. Qxd1 Qb6+ 26. Kh2 exd3 27. Rxe8 Rxe8 28. Qxd3 Qe6 29. Rd1 Rd8 30. g3 Rc8 31. Rd2 Qe4 32. Qb3 Rc4 33. Kh3 Qe6+ 34. Kg2 Qe4+ 35. Kf2 d4 36. Re2 Qc6 37. Rd2 Kf8 38. Qa2 Rc3 39. Re2 Qf3+ 40. Ke1 Qxg3+ 41. Kd1 d3 42. cxd3 Qg1+ 43. Re1 Rxd3+ 44. Kc2 Qf2+ 45. Kxd3 Qxa2 46. Re4 Qxa3+ 0-1

[Event "DM Veteranklassen 2026"]
[Site "Svendborg"]
[Date "2026.04.03"]
[Round "2.5"]
[White "Lofberg, Jan"]
[Black "Meldgaard, Frode"]
[Result "1/2-1/2"]
[WhiteElo "1869"]
[BlackElo "1905"]
[WhiteFideId "1427296"]
[BlackFideId "1430840"]
[EventDate "2026.04.02"]
[EventType "swiss"]
[EventRounds "5"]
[EventCountry "DEN"]
[SourceTitle "Live v. Kasper Jerwiarz"]

1. e4 d5 2. exd5 Qxd5 3. Nc3 Qa5 4. Bc4 Nf6 5. Nf3 Bg4 6. h3 Bxf3 7. Qxf3 Qe5+ 8. Qe2 Qxe2+ 9. Nxe2 e6 10. d3 Bd6 11. Bf4 Nbd7 12. Bb5 a6 13. Bxd7+ Kxd7 14. O-O-O Nd5 15. Bxd6 cxd6 16. h4 Rac8 17. Kd2 b5 18. a3 Rc7 19. Rc1 Rhc8 20. h5 h6 21. Rh4 Nf6 22. Ng3 Rc5 23. Ne4 Nxe4+ 24. dxe4 Rg5 25. g4 f5 26. exf5 exf5 27. f3 fxg4 28. Rxg4 Rxh5 29. Rxg7+ Kc6 30. c4 Rh2+ 31. Kd3 Kb6 32. Rg6 bxc4+ 33. Rxc4 Rxc4 34. Kxc4 Kc6 35. b4 Rc2+ 36. Kb3 Rh2 37. Kc4 1/2-1/2

[Event "DM Veteranklassen 2026"]
[Site "Svendborg"]
[Date "2026.04.04"]
[Round "3.1"]
[White "Jarlnaes, Erik"]
[Black "Norregaard, Claus"]
[Result "0-1"]
[WhiteElo "1941"]
[BlackElo "1846"]
[WhiteFideId "1414623"]
[BlackFideId "1409808"]
[EventDate "2026.04.02"]
[EventType "swiss"]
[EventRounds "5"]
[EventCountry "DEN"]
[SourceTitle "Live v. Kasper Jerwiarz"]

1. e4 Nf6 2. Nc3 d5 3. exd5 Nxd5 4. Bc4 Nb6 5. Bb3 c5 6. d3 Nc6 7. Be3 e6 8. Nf3 Be7 9. O-O Nd5 10. Qe2 Nxe3 11. Qxe3 Nd4 12. Ba4+ Kf8 13. Ne4 b5 14. Bb3 Bb7 15. c3 Nxf3+ 16. gxf3 Rc8 17. Rad1 Qc7 18. Rfe1 h5 19. f4 Rh6 20. d4 Rg6+ 21. Ng5 Bd6 22. f5 Bf4 23. fxg6 Bxe3 24. Rxe3 Qf4 25. Rg3 h4 26. Nh7+ Ke7 27. Re3 Qg4+ 28. Kf1 Qxg6 29. d5 Qxh7 30. dxe6 fxe6 31. Rxe6+ Kf8 32. Rd7 Qb1+ 33. Rd1 Qf5 34. Rd7 Qf3 35. Re3 Qg2+ 36. Ke2 Qg4+ 37. Ke1 Qg2 38. Rf7+ 0-1

[Event "DM Veteranklassen 2026"]
[Site "Svendborg"]
[Date "2026.04.04"]
[Round "3.2"]
[White "Larsen, Preben R"]
[Black "Jensen, Stig Gorm"]
[Result "1/2-1/2"]
[WhiteElo "1884"]
[BlackElo "2021"]
[WhiteFideId "1425790"]
[BlackFideId "1406736"]
[EventDate "2026.04.02"]
[EventType "swiss"]
[EventRounds "5"]
[EventCountry "DEN"]
[SourceTitle "Live v. Kasper Jerwiarz"]

1. e4 e5 2. Nf3 f5 3. Nxe5 Qf6 4. d4 d6 5. Nc4 fxe4 6. Nc3 Qg6 7. Ne3 c6 8. Be2 Nf6 9. d5 Nbd7 10. b3 Ne5 11. Ba3 c5 12. Nb5 Kd8 13. h3 a6 14. Nc3 h5 15. Qd2 b6 16. Bb2 h4 17. O-O-O Qe8 18. Na4 Kc7 19. Kb1 Bd7 20. Bxe5 Bxa4 21. Bxf6 gxf6 22. bxa4 Bh6 23. Qc3 Qg6 24. Bg4 Bxe3 25. Qxe3 b5 26. a5 f5 27. Be2 Rag8 28. Rhg1 Qf6 29. f3 f4 30. Qc1 Re8 31. Qb2 Qd8 32. Qg7+ Kb8 33. Qc3 exf3 34. Bxf3 Re3 35. Rd3 b4 36. Qc4 Rxd3 37. Qxd3 Qxa5 38. Re1 b3 39. axb3 Qxe1+ 40. Kb2 Qe5+ 41. Ka2 Kb7 42. Be2 Ra8 43. Qh7+ Kb6 44. Qd7 Qe8 45. Qxd6+ Kb7 46. Qxc5 1/2-1/2

[Event "DM Veteranklassen 2026"]
[Site "Svendborg"]
[Date "2026.04.04"]
[Round "3.3"]
[White "Jensen, Allan Astrup"]
[Black "Lofberg, Jan"]
[Result "1/2-1/2"]
[WhiteElo "1943"]
[BlackElo "1869"]
[WhiteFideId "1401181"]
[BlackFideId "1427296"]
[EventDate "2026.04.02"]
[EventType "swiss"]
[EventRounds "5"]
[EventCountry "DEN"]
[SourceTitle "Live v. Kasper Jerwiarz"]

1. e4 c5 2. Nc3 Nc6 3. f4 d6 4. Nf3 Bg4 5. Be2 Bxf3 6. Bxf3 g6 7. O-O Bg7 8. d3 e6 9. Qe1 Nd4 10. Bd1 Ne7 11. f5 gxf5 12. Qg3 Be5 13. Bf4 Bxf4 14. Rxf4 Ng6 15. Rf2 Qh4 16. Qxd6 Qd8 17. Qg3 f4 18. Rxf4 Nxf4 19. Qxf4 Qe7 1/2-1/2

[Event "DM Veteranklassen 2026"]
[Site "Svendborg"]
[Date "2026.04.04"]
[Round "3.4"]
[White "Moestrup, Jorn"]
[Black "Rosenberg, Jan"]
[Result "1/2-1/2"]
[WhiteElo "1904"]
[BlackElo "1873"]
[WhiteFideId "1403680"]
[BlackFideId "1412531"]
[EventDate "2026.04.02"]
[EventType "swiss"]
[EventRounds "5"]
[EventCountry "DEN"]
[SourceTitle "Live v. Kasper Jerwiarz"]

1. c4 Nf6 2. Nc3 c5 3. Nf3 d5 4. cxd5 Nxd5 5. d3 Nc6 6. g3 e5 7. Bg2 Nc7 8. Be3 Be7 9. Rc1 Rb8 10. O-O O-O 11. Nd2 Nd4 12. Nc4 f6 13. a4 Be6 14. f4 Nf5 15. Bf2 exf4 16. gxf4 1/2-1/2

[Event "DM Veteranklassen 2026"]
[Site "Svendborg"]
[Date "2026.04.04"]
[Round "3.5"]
[White "Meldgaard, Frode"]
[Black "Stald, Flemming"]
[Result "1/2-1/2"]
[WhiteElo "1905"]
[BlackElo "1826"]
[WhiteFideId "1430840"]
[BlackFideId "1426680"]
[EventDate "2026.04.02"]
[EventType "swiss"]
[EventRounds "5"]
[EventCountry "DEN"]
[SourceTitle "Live v. Kasper Jerwiarz"]

1. e4 e5 2. Nc3 Nc6 3. Nf3 Nf6 4. Bc4 Be7 5. O-O d6 6. h3 a6 7. a4 O-O 8. d3 Na5 9. Ba2 c5 10. Nd5 Nxd5 11. Bxd5 Bd7 12. Bd2 Nc6 13. c3 Rb8 14. Qc1 Qe8 15. Ne1 Kh8 16. f4 f5 17. Nf3 Qh5 18. Ng5 Bxg5 19. fxg5 f4 20. Rf3 Qxg5 21. Qf1 Qe7 22. b4 cxb4 23. Bxc6 Bxc6 24. cxb4 Rf6 25. g4 g5 26. Qb1 h5 27. gxh5 Rh6 28. Bc3 Rxh5 29. d4 Bd7 30. dxe5 dxe5 31. Qb2 Re8 32. b5 Bxh3 33. Rf2 Qe6 34. Qe2 Bg4 35. Qb2 Kh7 36. bxa6 bxa6 37. Rh2 Kg6 38. Rb1 Rxh2 39. Qxh2 Bf3 40. a5 Qc4 41. Rb7 Qg8 42. Rb6+ Re6 43. Bxe5 Rxb6 44. axb6 Bxe4 45. Qe2 Qd5 46. Bb2 Qb7 47. Bd4 Kf5 48. Qh5 Bf3 49. Qh8 Qc6 50. Qe5+ Kg4 51. Kf2 Qc2+ 52. Ke1 Qe4+ 53. Qxe4 Bxe4 54. Bc3 Kf3 55. Kf1 Ke3 56. Be1 g4 57. Bf2+ Kf3 58. Be1 g3 59. Kg1 Ke2 60. Bxg3 fxg3 61. b7 Bf3 1/2-1/2

[Event "DM Veteranklassen 2026"]
[Site "Svendborg"]
[Date "2026.04.05"]
[Round "4.1"]
[White "Norregaard, Claus"]
[Black "Stage, Jan"]
[Result "0-1"]
[WhiteElo "1846"]
[BlackElo "2037"]
[WhiteFideId "1409808"]
[BlackFideId "1405519"]
[EventDate "2026.04.02"]
[EventType "swiss"]
[EventRounds "5"]
[EventCountry "DEN"]
[SourceTitle "Live v. Kasper Jerwiarz"]

1. d4 d5 2. c4 e6 3. g3 Nf6 4. Bg2 c6 5. Nf3 Bd6 6. b3 Nbd7 7. Bb2 Qe7 8. O-O dxc4 9. bxc4 e5 10. e3 O-O 11. Nc3 a6 12. Nd2 Rb8 13. Nde4 Bc7 14. d5 Qb4 15. Qb3 Qxb3 16. axb3 cxd5 17. cxd5 Nxe4 18. Nxe4 f5 19. d6 Bd8 20. Nc3 Nf6 21. Nd5 e4 22. Rfd1 Nxd5 23. Rxd5 Be6 24. Rd2 Bf6 25. Bxf6 Rxf6 26. b4 Rf7 27. Rc1 Rd8 28. f3 exf3 29. Bxf3 Rfd7 30. Rcd1 Kf7 31. e4 g6 32. e5 Rc8 33. Bd5 Bxd5 34. Rxd5 Ke6 35. Rc5 Rxc5 36. bxc5 Kxe5 37. Kf2 b6 38. Re1+ Kd5 39. Re7 Kc6 40. cxb6 Rxd6 41. b7 Rd2+ 42. Ke3 Rb2 43. Rxh7 Rxb7 44. Rh6 Re7+ 45. Kf4 Re6 46. Kg5 a5 47. h4 Kd5 48. Rxg6 Rxg6+ 49. Kxg6 a4 50. Kxf5 a3 51. g4 a2 52. h5 a1=Q 53. g5 Qf1+ 54. Kg6 Ke6 55. Kg7 Qf7+ 56. Kh6 Qg8 57. g6 Kf6 0-1

[Event "DM Veteranklassen 2026"]
[Site "Svendborg"]
[Date "2026.04.05"]
[Round "4.2"]
[White "Jensen, Stig Gorm"]
[Black "Christensen, Poul Veiling"]
[Result "1-0"]
[WhiteElo "2021"]
[BlackElo "1799"]
[WhiteFideId "1406736"]
[BlackFideId "1480014"]
[EventDate "2026.04.02"]
[EventType "swiss"]
[EventRounds "5"]
[EventCountry "DEN"]
[SourceTitle "Live v. Kasper Jerwiarz"]

1. e4 e5 2. Nf3 d6 3. d4 exd4 4. Nxd4 Nf6 5. Nc3 Nc6 6. Nde2 Be7 7. h3 h5 8. g3 g6 9. Bg2 Be6 10. Nf4 O-O 11. Nfd5 Bxd5 12. exd5 Ne5 13. O-O Kh7 14. f4 Ned7 15. f5 Ne5 16. fxg6+ fxg6 17. Ne2 Qd7 18. b3 Rae8 19. Nf4 Rf7 20. Ne6 Ng8 21. Be3 Rxf1+ 22. Qxf1 Bf6 23. Re1 c5 24. a4 b6 25. Kh2 Qe7 26. a5 Nd7 27. axb6 Nxb6 28. Bf4 Qd7 29. Qe2 Re7 30. Be4 Kh8 31. Bxg6 Nxd5 32. Qxh5+ Rh7 33. Qxh7+ Qxh7 34. Bxh7 1-0

[Event "DM Veteranklassen 2026"]
[Site "Svendborg"]
[Date "2026.04.05"]
[Round "4.3"]
[White "Stald, Flemming"]
[Black "Jensen, Allan Astrup"]
[Result "0-1"]
[WhiteElo "1826"]
[BlackElo "1943"]
[WhiteFideId "1426680"]
[BlackFideId "1401181"]
[EventDate "2026.04.02"]
[EventType "swiss"]
[EventRounds "5"]
[EventCountry "DEN"]
[SourceTitle "Live v. Kasper Jerwiarz"]

1. d4 d5 2. Nf3 c5 3. c3 e6 4. Bf4 Nc6 5. e3 Nf6 6. Bd3 cxd4 7. exd4 Qb6 8. Qb3 Qd8 9. Nbd2 Be7 10. h3 h6 11. O-O O-O 12. Rfe1 a6 13. g4 Nh7 14. Qc2 Ng5 15. Kg2 f5 16. gxf5 exf5 17. Re3 Ne4 18. Ne5 Bg5 19. Bxg5 Qxg5+ 20. Kf1 Nxe5 21. dxe5 f4 22. Rf3 Qxe5 23. Nxe4 dxe4 24. Bxe4 Be6 25. Re1 Bc4+ 26. Bd3 Qd5 27. Bxc4 Qxc4+ 28. Kg1 Rae8 29. Rxe8 Rxe8 30. b4 Re1+ 31. Kh2 Qf1 0-1

[Event "DM Veteranklassen 2026"]
[Site "Svendborg"]
[Date "2026.04.05"]
[Round "4.4"]
[White "Rosenberg, Jan"]
[Black "Markussen, Benno Orvad"]
[Result "1/2-1/2"]
[WhiteElo "1873"]
[BlackElo "1807"]
[WhiteFideId "1412531"]
[BlackFideId "1429132"]
[EventDate "2026.04.02"]
[EventType "swiss"]
[EventRounds "5"]
[EventCountry "DEN"]
[SourceTitle "Live v. Kasper Jerwiarz"]

1. d4 g6 2. c4 d6 3. Nc3 Bg7 4. e4 Nf6 5. Nf3 Nbd7 6. Be2 e5 7. d5 Nc5 8. Qc2 a5 9. h3 Bd7 10. Be3 b6 11. O-O O-O 12. Rfd1 Nh5 13. Ne1 Nf4 14. Bxf4 exf4 15. Nd3 Nxd3 16. Rxd3 f5 17. Bf3 Be5 18. exf5 Bxf5 19. Be4 Qf6 20. f3 Rae8 21. Rad1 1/2-1/2

[Event "DM Veteranklassen 2026"]
[Site "Svendborg"]
[Date "2026.04.06"]
[Round "5.1"]
[White "Stage, Jan"]
[Black "Jensen, Stig Gorm"]
[Result "1/2-1/2"]
[WhiteElo "2037"]
[BlackElo "2021"]
[WhiteFideId "1405519"]
[BlackFideId "1406736"]
[EventDate "2026.04.02"]
[EventType "swiss"]
[EventRounds "5"]
[EventCountry "DEN"]
[SourceTitle "Live v. Kasper Jerwiarz"]

1. d4 f5 2. Nf3 d6 3. g3 Nf6 4. Bg2 g6 5. O-O Bg7 6. c4 O-O 7. Nc3 Qe8 8. d5 Na6 9. Nd4 Bd7 10. b3 c6 11. Bb2 Nc7 12. Qd2 c5 13. Ne6 Nxe6 14. dxe6 Bxe6 15. Bxb7 Rd8 16. Bg2 Bd7 17. Rad1 Bc6 18. Bxc6 Qxc6 19. Nd5 Qd7 20. Nxf6+ Bxf6 21. Bxf6 Rxf6 22. f4 e6 23. Rf3 Kf8 24. Rd3 Ke7 25. Qc3 Qc7 26. Re1 Rf7 27. e4 Re8 28. e5 dxe5 29. Rxe5 Kf8 30. Rde3 Qb6 31. Qe1 Rfe7 32. Rd3 Rd8 33. Rxd8+ Qxd8 34. Rxc5 Kf7 35. Kg2 Rd7 36. Re5 Rd1 37. Qf2 Qa8+ 38. Kh3 h6 39. Qe2 Rd6 40. c5 Rc6 41. b4 Qc8 42. Qc4 Kf6 43. Qd4 Kf7 44. b5 Rc7 45. Qd6 g5 46. c6 Re7 47. Qd1 g4+ 48. Kg2 h5 49. Qb3 Kf6 50. a4 Qf8 51. Qc3 Kf7 52. Re2 Rc7 53. Rd2 Qe7 54. Qh8 Qb4 55. Qd4 Qb3 56. Qd3 Qxa4 57. Qe2 Qb4 58. Qd1 Qxb5 59. Rd7+ Rxd7 60. Qxd7+ Kf6 61. Qd8+ Kf7 62. c7 Qe2+ 1/2-1/2

[Event "DM Veteranklassen 2026"]
[Site "Svendborg"]
[Date "2026.04.06"]
[Round "5.2"]
[White "Jensen, Allan Astrup"]
[Black "Norregaard, Claus"]
[Result "1-0"]
[WhiteElo "1943"]
[BlackElo "1846"]
[WhiteFideId "1401181"]
[BlackFideId "1409808"]
[EventDate "2026.04.02"]
[EventType "swiss"]
[EventRounds "5"]
[EventCountry "DEN"]
[SourceTitle "Live v. Kasper Jerwiarz"]

1. Nf3 Nf6 2. d4 e6 3. g3 b6 4. Bg2 Bb7 5. O-O c5 6. c3 d5 7. Nbd2 Be7 8. Ne5 O-O 9. Ndf3 Nbd7 10. Be3 Nxe5 11. Nxe5 Nd7 12. Nf3 Rc8 13. Qd2 c4 14. h4 b5 15. a4 a6 16. axb5 axb5 17. Bg5 f6 18. Bf4 Qb6 19. Bh3 f5 20. Qe3 Rfe8 21. h5 Nf6 22. h6 g6 23. Qe5 Nh5 24. Bg5 Bd6 25. Qe3 Kf7 26. g4 Nf6 27. Ne5+ Bxe5 28. Qxe5 Qd8 29. Ra7 Rc7 30. Bxf6 Qb8 31. Rfa1 Rd7 32. Qxb8 Rxb8 33. Be5 Ra8 1-0